<?xml version="1.0" encoding="UTF-8"?>
<collection xmlns="http://www.loc.gov/MARC21/slim">
 <record>
  <leader>00589nam a22001575a 4500</leader>
  <controlfield tag="001">EUN.um057388</controlfield>
  <controlfield tag="008">041125s1990####ag#a##########000#0#spa#d</controlfield>
  <controlfield tag="005">20170503135607.0</controlfield>
  <datafield tag="245" ind1="0" ind2="0">
   <subfield code="a">PLAN integral de abastecimiento de agua a Bahía Blanca y Gran Bahía Blanca :</subfield>
   <subfield code="b">informe de avance.</subfield>
  </datafield>
  <datafield tag="260" ind1=" " ind2=" ">
   <subfield code="a">Bahía Blanca :</subfield>
   <subfield code="b">Universidad nacional del Sur,</subfield>
   <subfield code="c">1990.</subfield>
  </datafield>
  <datafield tag="300" ind1=" " ind2=" ">
   <subfield code="a">No paginado :</subfield>
   <subfield code="b">ilus. ;</subfield>
   <subfield code="c">35 cm.</subfield>
  </datafield>
  <datafield tag="082" ind1="0" ind2="4">
   <subfield code="a">628.1</subfield>
  </datafield>
  <datafield tag="653" ind1=" " ind2=" ">
   <subfield code="a">Bahia blanca</subfield>
  </datafield>
  <datafield tag="653" ind1=" " ind2=" ">
   <subfield code="a">Abastecimiento de aguas</subfield>
  </datafield>
  <datafield tag="653" ind1=" " ind2=" ">
   <subfield code="a">Plan integral de abastecimiento de agua</subfield>
  </datafield>
  <datafield tag="859" ind1=" " ind2=" ">
   <subfield code="a">Ar-BaUNS</subfield>
   <subfield code="b">BIB. CENTRAL - Tesoro</subfield>
   <subfield code="h">628.1</subfield>
   <subfield code="i">P692-2</subfield>
   <subfield code="k">F</subfield>
   <subfield code="p">98328/990</subfield>
  </datafield>
 </record>
</collection>
